000 01751nam a2200253 4500
005 20160301102953.0
008 160301s1926 cl a|||fr|||| 001 0 spa d
040 _aCO-BoUCM
_bspa
_cSandra Yazo
_dSandra Yazo
041 0 _aspa
082 0 4 _220
_a327.73083
092 _aE38N083
100 1 _a Collier, William Miller,
_d1867-1956‏
_975930
245 1 3 _aLa primera misión de los Estados Unidos de América en Chile
_cpor William Miller Collier y Guillermo Feliu Cruz
260 _aSantiago de Chile (Chile)
_bImprenta Cervantes
_c1926
300 _axi, 264 páginas
_c23 x 15 cm.
500 _aDetalles físicos: Encuadernación flexible en cartulina. Tapa delantera y lomo con datos de publicación impresos en una sola tinta. Hoja de cortesía. Portada impresa en una sola tinta, le antecede una ilustración. Texto impreso en una sola columna, notas al pie de página. Ilustraciones y facsímiles entre el texto. Papel con algunas manchas
505 0 _aAntecedentes de la Misión Poinsett ; El cónsul Joél Robets Poinsett ; El Cónsul Ponsett en Chile ; Poinsett, propagandista de la idea revolucionaria ; La celebración del aniversario de los estados Unidos ; Poinsett, legislador ; Poinsett, mediador en la Rivalidades de los Carrera ; Otras actividades de Poinsett en Chile ; Consecuencias primera de la misión Poinsett. La visita de Carrera a los Estados Unidos ; Preparativos de la expedición ; Proyecciones de la Misión Poinsett
506 _aConsulta en sala
600 1 4 _aPoinsett, Joel Roberts
_d1779-1851
_975931
651 4 _930278
_aEstados Unidos
_xRelaciones exteriores
_zChile
690 _aCiencia política
_9340
700 1 _aFeliú Cruz, Guillermo
_c1900-1973
_975932
942 _2LOCAL
_cLIBRO
_e1
_hE38N083
999 _c302846
_d302846